| 000 | 00961nam a2200241 a 4500 | ||
|---|---|---|---|
| 003 | BD-DhJNU | ||
| 005 | 20260419051950.0 | ||
| 008 | 260508s2017 bg |||g |||| 000 1|ben|d | ||
| 020 | _a9788129532152 | ||
| 040 |
_aBD-DhJNU _bben _cBD-DhJNU _dBD-DhJNU |
||
| 041 | _aben | ||
| 082 |
_a792.01 GHN _223 |
||
| 100 | _aঘোষ, অজিত কুমার | ||
| 245 | 1 | 0 |
_aনাট্যতত্ত্ব ও নাট্যমঞ্চ / _cঅজিত কুমার ঘোষ |
| 246 | _aNatyatattwa o natyamancha | ||
| 250 | _a1st ed. | ||
| 260 |
_aকলকাতা : _bদে’জ পাবলিশিং, _c2017. |
||
| 300 |
_a২৩৬ পৃ. : _bচিত্র ; _c২২ সেমি.। |
||
| 504 | _aগ্রন্থপঞ্জিগত নির্দেশিকা ও নিঘন্ট অন্তভূক্ত | ||
| 650 | _aনাট্যতত্ত্ব | ||
| 650 | _aDrama -- Philosophy and theory | ||
| 942 | _cBK | ||
| 999 |
_c2686 _d2686 |
||